دليل العملي في قواعد أكسس + أوراكل = (رقم التسجيلة. 13867)
[ عرض عادي ]
| 000 -الفاتح | |
|---|---|
| حقل البيانات ثابتة الطول | 00792nam a22002057a 4500 |
| 003 - محدد رقم الضبط | |
| رقم الضبط | OSt |
| 005 - وقت وتاريخ اخر تعامل مع التسجيلة | |
| رقم الضبط | 20150408113914.0 |
| 008 - عناصر البيانات ثابتة الطول - معلومات عامة | |
| حقل البيانات ثابتة الطول | 110827s 2010jo a g b 00| 0 ara d |
| 040 ## - مصدر الفهرسة | |
| وكالة النسخ | دار اجنادين |
| 082 ## - رقم تصنيف ديوى العشرى | |
| رقم الطبعة | 21 |
| رقم التصنيف | 005.74 |
| رقم المادة | ز ب د |
| 100 ## - المدخل الرئيسى - إسم شخصى | |
| الإسم الشخصى | زهران، بلال محمد. |
| 9 (RLIN) | 3417 |
| 245 ## - بيان العنوان | |
| العنوان | دليل العملي في قواعد أكسس + أوراكل = |
| بقية العنوان | Database Lab Manual / |
| بيان المسئوليه,etc | بلال محمد زهران. |
| 250 ## - بيان الطبعة | |
| بيان الطبعة | ط. 1 |
| 260 ## - PUBLICATION, DISTRIBUTION, ETC. (IMPRINT) | |
| مكان الناشر او الموزع | عمان، الأردن : |
| اسم الناشر او الموزع | دار الإعصار العلمي؛ |
| -- | مكتبة المجتمع العربي، |
| تاريخ النشر أو التوزيع | 2010 |
| 300 ## - الوصف المادى | |
| التعداد | 144 ص. : |
| تفاصيل ماديه اخرى للوعاء | إيض. ؛ |
| أبعاد الوعاء | 24سم. |
| 504 ## - تبصرة ببليوجرافية | |
| تبصرة ببليوجرافية,الخ | قائمة ببليوجرافية. |
| 650 ## - المدخل الاضافى بالموضوع-مصطلح موضوعى | |
| مصطلح موضوعي أو اسم جغرافي كعنصر مدخل | الحاسبات الإلكترونية. |
| 650 ## - المدخل الاضافى بالموضوع-مصطلح موضوعى | |
| مصطلح موضوعي أو اسم جغرافي كعنصر مدخل | قواعد البيانات. |
| 942 ## - عناصر المدخل الإضافي( كوها) | |
| مصدر التصنيف او مخطط الترفيف | Dewey Decimal Classification |
| Koha [default] item type | DVD |
| حالة الفقد | نموذج السعر الفعال | حالة تلف | ليس للاعارة | رقم الطلب | تاريخ الاكتساب | الموقع الحالي | الباركود | الفرع الرئيسي | Date last seen | نوع المادة فى نظام كوها | مصدر التصنيف او خطة الترفيف | Total Checkouts |
|---|---|---|---|---|---|---|---|---|---|---|---|---|
| 2017-02-28 | 005.74 ز ب د | 2017-02-28 | المكتبة المركزية بالمجمعة (CL) | 00706161 | المكتبة المركزية بالمجمعة (CL) | 2017-02-28 | كتاب | Dewey Decimal Classification | ||||
| 2017-02-28 | 005.74 ز ب د | 2017-02-28 | المكتبة المركزية بالمجمعة (CL) | 00706162 | المكتبة المركزية بالمجمعة (CL) | 2017-02-28 | كتاب | Dewey Decimal Classification | ||||
| 2017-02-28 | 005.74 ز ب د | 2017-02-28 | المكتبة المركزية بالمجمعة (CL) | 00706163 | المكتبة المركزية بالمجمعة (CL) | 2017-02-28 | كتاب | Dewey Decimal Classification | ||||
| 2013-03-10 | 005.74 ز ب د | 2011-08-27 | قسم الاجراءات الفنية (IC) | 00102107 | قسم الاجراءات الفنية (IC) | 2013-03-10 | كتاب | Dewey Decimal Classification | ||||
| 2013-03-10 | 005.74 ز ب د | 2011-08-27 | قسم الاجراءات الفنية (IC) | 00102108 | قسم الاجراءات الفنية (IC) | 2013-03-10 | كتاب | Dewey Decimal Classification | ||||
| 2013-03-10 | 005.74 ز ب د | 2011-08-27 | قسم الاجراءات الفنية (IC) | 00102109 | قسم الاجراءات الفنية (IC) | 2013-03-10 | كتاب | Dewey Decimal Classification |
